000 00403nam a2200157Ia 4500
008 221030s9999 xx 000 0 und d
020 _a8120325958
041 _aEnglish
082 _a105.23
_bSharma
100 _aS. Sharma
245 0 _aDigital Signal Processing including MATLAB programs
_cby S. Sharma
260 _bKatson
_aNew Delhi
_c2005
300 _a471
650 _aBE Computer
942 _cBK
999 _c3999
_d3999